Catalog

Record Details

Catalog Search



Breaking silence : Kate Burkholder Cover Image Book Book

Breaking silence : Kate Burkholder/ Linda Castillo.

Castillo, Linda. : (author).

Summary:

Police Chief Kate Burkholder is called to the scene of a horrific tragedy on a peaceful Amish farm. The Slabaugh family are model Amish farmers, prosperous and hardworking, with four children and a happy extended family. When the parents and an uncle are found dead in their barn, it appears to be a gruesome accident: methane gas asphyxiation caused by a poorly ventilated cesspit. But in the course of a routine autopsy, the coroner discovers that one of the victims suffered a head wound before death—clearly, foul play was involved. But who would want to make orphans of the Slabaughs’ children? And is this murder somehow related to a recent string of shocking hate crimes against the Amish? Having grown up Amish, Kate is determined to bring the killer to justice. Because the other series of attacks are designated hate crimes, the state sends in agent John Tomasetti, with whom Kate has a long and complex relationship. Together, they search for the link between the crimes—and uncover a dark secret at work beneath the placid surface of this idyllic Amish community.

Record details

  • ISBN: 9780312374990
  • ISBN: 0312374992
  • Physical Description: viii, 302 pages ; 25 cm.
  • Edition: 1st ed.
  • Publisher: New York : Minotaur Books, 2011.
Subject: Burkholder, Kate (Fictitious character) > Fiction.
Women police chiefs > Ohio > Fiction.
Amish > Ohio > Fiction.
Amish > Crimes against > Fiction.
Amish Country (Ohio) > Fiction.
Farm life > Fiction.
Secrets > Fiction.
Drowning > Fiction.
Policewomen > Ohio > Fiction.
Amish Country (Ohio) > Fiction.
Genre: Thriller
Detective and mystery fiction.

Available copies

  • 1 of 1 copy available at scottsboropl.

Holds

  • 0 current holds with 1 total copy.
Show Only Available Copies
Location Call Number / Copy Notes Part Barcode Shelving Location Status Due Date
scottsboropl F Cas 3 32269001174179 Adult - Fiction Available -

LDR 03149cam a2200721 a 4500
001156350
003SBPL
00520210811160840.0
008110208s2011 nyu 000 1 eng
007ta
010 . ‡a 2011005103
020 . ‡a9780312374990 ‡q(hbk.)
020 . ‡a0312374992 ‡q(hbk.)
035 . ‡a(OCoLC)682894363 ‡z(OCoLC)798691897 ‡z(OCoLC)1003295802 ‡z(OCoLC)1178888396 ‡z(OCoLC)1235901911 ‡z(OCoLC)1262626396 ‡z(OCoLC)1300774269 ‡z(OCoLC)1303851814 ‡z(OCoLC)1454766974 ‡z(OCoLC)1504781479
05000. ‡aPS3603.A8758 ‡bB74 2011
08200. ‡a813/.6 ‡222
1001 . ‡aCastillo, Linda. : ‡eauthor
24510. ‡aBreaking silence : ‡bKate Burkholder/ ‡cLinda Castillo.
250 . ‡a1st ed.
260 . ‡aNew York : ‡bMinotaur Books, ‡c2011.
300 . ‡aviii, 302 pages ; ‡c25 cm.
336 . ‡atext ‡btxt ‡2rdacontent
337 . ‡aunmediated ‡bn ‡2rdamedia
338 . ‡avolume ‡bnc ‡2rdacarrier
4901 . ‡aKate Burkholder ; ‡vBk 3
520 . ‡aPolice Chief Kate Burkholder is called to the scene of a horrific tragedy on a peaceful Amish farm. The Slabaugh family are model Amish farmers, prosperous and hardworking, with four children and a happy extended family. When the parents and an uncle are found dead in their barn, it appears to be a gruesome accident: methane gas asphyxiation caused by a poorly ventilated cesspit. But in the course of a routine autopsy, the coroner discovers that one of the victims suffered a head wound before death—clearly, foul play was involved. But who would want to make orphans of the Slabaughs’ children? And is this murder somehow related to a recent string of shocking hate crimes against the Amish? Having grown up Amish, Kate is determined to bring the killer to justice. Because the other series of attacks are designated hate crimes, the state sends in agent John Tomasetti, with whom Kate has a long and complex relationship. Together, they search for the link between the crimes—and uncover a dark secret at work beneath the placid surface of this idyllic Amish community.
600 0. ‡aBurkholder, Kate (Fictitious character) ‡vFiction.
650 0. ‡aWomen police chiefs ‡zOhio ‡vFiction.
650 0. ‡aAmish ‡zOhio ‡vFiction.
650 0. ‡aAmish ‡xCrimes against ‡vFiction.
651 0. ‡aAmish Country (Ohio) ‡vFiction.
650 0. ‡aFarm life ‡vFiction.
650 0. ‡aSecrets ‡vFiction.
650 0. ‡aDrowning ‡vFiction.
650 0. ‡aPolicewomen ‡zOhio ‡vFiction. ‡2sears
651 0. ‡aAmish Country (Ohio) ‡vFiction.
655 7. ‡aThriller
655 7. ‡aDetective and mystery fiction. ‡2lcgft
830 0. ‡aKate Burkholder ; ‡vBk 3.
901 . ‡a156350 ‡b ‡c156350 ‡tbiblio

Additional Resources